000 00609nam a2200217Ii 4500
003 JO-AjNU
008 230606s9999||||xx |||||||||||||| ||und||
020 _a978-13-261214-2
040 _aJO-AjNU
_beng
_erda
_cJO-AjNU
041 _aeng
050 1 4 _aQA76.73.C154.G33.2012
100 3 _aGADDIS,TONY,
_eauthor
_92848
245 0 0 _aStarting out with Visual C 2010
250 _a2 ed
264 3 1 _anew york:PERSON,2012
300 _a792p
336 _atext
_btxt
_2rdacontent
337 _aunmediated
_bn
_2rdamedia
338 _avolume
_bnc
_2rdacarrier
650 4 _aStarting out with Visual C 2010
_92849
999 _aE1492
_c1492
_d1492